000 00758nam a2200265Ia 4500
003 OSt
005 20221006153406.0
006 a|||||r|||| 00| 0
007 ta
008 221006b |||||||| |||| 00| 0 eng d
020 _a02311043244
_c¥12,770
024 _a32,204
037 _bGift, Japan Foundation
_cTextual
040 _aEASL
_cEASL
_beng
041 _2eng
_aeng
082 _aO42,1x, N6
100 _aUEDA Makoto Ed.
_9647639
245 0 _aModern Japanese Tanka
260 _aNew York
_bColumbia University Press
_c1996
300 _a266p.
_ccm.
490 _v JEL
650 _aWaka-History and criticism
_9663685
942 _hO42,1x, N6
_cTEXL
_2CC
999 _c1100290
_d1100290